000 00847nam a2200265 i 4500
003 DO-SdBNP
005 20240308073620.0
007 ta
008 230630b2022 dr ||||| |||| 00| 0 spa d
020 _a9789945934359
040 _aDO-SdBNP
_bspa
_cBNPHU
_erda
082 4 _222
100 _aGarcía, Martha Olga,
_eautora
_983639
245 1 0 _aTertulia :
_bla constitución y los derechos de la mujer /
_cMartha Olga García, Cristóbal Rodríguez
264 3 0 _aSanto Domingo :
_bMuseo Memorial de la Resistencia Dominicana,
_c2022
300 _a69 páginas ;
_c21 cm.
336 _2rdacontent
_atexto
_btxt
337 _2rdamedia
_asin medición
_bn
338 _2rdacarrier
_avolumen
_bnc
490 _aTertulia
_v9
590 _aInvnentariado 2023 / BT
700 1 _aStanley, Avelino,
_d1959-
_91536
910 _aBtavárez
942 _2ddc
_cLBS1
999 _c54024
_d54024